000 00596nam a22001937i 4500
999 _c23551
_d23551
003 AR-CdUCM
008 260323b20232023sp ||||| |||| 00| 0 spa d
020 _a978-84-19889-00-3
040 _aMUNICIPALIDAD PROVINCIAL DEL CUSCO
_cBIBLIOTECA MUNICIPAL DEL CUSCO
041 _hspa
082 _aEP / 582.16
_bM36
100 _aMedvedeva, Tania - Vyshinskaya, Maria
_952391
245 _aExplora los bosques en 360º /
260 _aEspaña :
_bZahori Books
_c2023
300 _a71 páginas. :
_c26,5x26 cm.
856 _fwww.zahoribooks.com
942 _2ddc
_cLIBROS
945 _aesh
_d23-03-2026